Statistiques concernant Pays qui battent le Vatican

Cliquez ici pour prendre le quiz!

Statistiques générales

  • Ce quiz a été pris 503 fois
    (458 depuis la dernière actualisation)
  • Le résultat moyen est 7 sur 12

Statistiques - réponses

RangCatégoriePays (ou territoires)% Correct
6Derniers pays dans l'ordre alphabétiqueZimbabwe / Zambie / Yémen / Vietnam / Venezuela
97%
3Pays les plus chauds d'EuropeMalte / Grèce
94%
16Pays d'Europe ayant la plus faible espérance de vieKosovo / Moldavie / Ukraine / Russie / Biélorussie / Bulgarie / Lettonie / Macédoine du Nord / Lituanie / Serbie / Roumanie / Hongrie / Monténégro / Bosnie-Herzégovine / Slovaquie
91%
4Pays les plus densément peuplésMonaco / Singapour / Bahreïn
87%
5Pays les moins devinés d'Europe au quiz des pays du mondeMoldavie / Kosovo / Liechtenstein / Saint-Marin
79%
8Pays d'Europe occidentale les moins visitésSaint-Marin / Liechtenstein / Monaco / Luxembourg / Islande / Malte / Andorre
78%
5Pays ayant l'armée active la plus faibleCosta Rica / Panama / Monaco / Seychelles
37%
12Pays monarchiques dont le dirigeant est arrivé au pouvoir le plus récemmentKoweït / Oman / Japon / Malaisie / Samoa / Andorre / Arabie Saoudite / Espagne / Belgique / Qatar / Pays-Bas /
37%
6Pays ayant le plus faible PIBTuvalu / Nauru / Kiribati / Iles Marshall / Palaos
30%
7Pays ayant le point culminant le plus basTuvalu / Maldives / Iles Marshall / Gambie / Bahamas / Nauru
23%
6Pays d'Europe occidentale ayant acquis (ou réacquis) le plus récemment leur souverainetéMalte / Islande / Norvège / Pays-Bas / Italie
16%
7Pays ayant le moins de catholiquesMaldives / Tuvalu / Somalie / Afghanistan / Tadjikistan / Turkménistan
8%

Distribution des résultats

Percentile par nombre de réponses

% des personnes avec chaque résultat

Votre développement - résultats

Vous n’avez pas pris ce quiz depuis la dernière actualisation